Trouve tout les personnage de the vampire diaries mort subit - Statistiques

Statistiques générales
  • Ce quiz a été pris 362 fois
  • Le résultat moyen est 14 sur 17
Answers on the Grid
Answers color-coded by a green-red scale on the quiz's grid according to % correct below.
elena gilbert
aria montgomery
damon salvatore
lucy chen
harry potter
stefan salvatore
tory nicols
meredith grey
bonnie bennett
jeremy gilbert
sarah cameron
caroline forbes
ezra fitz
alaric saltzman
tim bradford
matt donovan
elijah mikaelson
rebekah mikaelson
spencer hastings
klaus mikaelson
jj maybank
morgan alvaro
liv parker
tyler lockwood
bellamy blake
silas
enzo st john
danielle larusso
katherine pierce
liz forbes
 
Statistiques - réponses
Réponse % Correct
elena gilbert
98%
damon salvatore
96%
stefan salvatore
92%
jeremy gilbert
87%
bonnie bennett
86%
caroline forbes
82%
elijah mikaelson
82%
klaus mikaelson
82%
matt donovan
82%
katherine pierce
81%
silas
81%
tyler lockwood
79%
alaric saltzman
78%
enzo st john
77%
rebekah mikaelson
77%
liz forbes
75%
liv parker
64%
Aucun quiz correspondant
Distribution des résultats
% des personnes avec chaque résultat
Percentile par nombre de réponses
Votre historique - résultats
Vous n’avez pas pris ce quiz